000 00453nam a2200181Ia 4500
008 170705s9999 xx 000 0 und d
020 _a9781416500247
245 _aCharlotte Bronte /
245 _cJane Eyre.
260 _aNew York :
260 _bSimon & Schuster Paperbacks,
260 _c2005
300 _a602 pages :
300 _bcolor illustration ;
300 _c17cm.
440 _aSimon & Schuster enriched classic.
500 _a840
999 _c336449
_d336449